01053cam a2200289Ia 450000100060000000300080000600500170001400800410003102000150007203500230008703500330011004000410014304100080018408200220019209200100021410000280022424500620025226000440031430000250035850400490038361000610043265000360049365000510052994200120058099900170059295201540060927249BD-RjUL20211209051130.0140324s1994 ii b 001 0 eng d a8170246113 a(OCoLC)ocm34521320 a(NNC)5629267a(BD-RjUL)27321 aDRUcDRUdOCLCQdBAKERdBD-RjULbeng aeng a341.247bNAS 1994 bN217s1 aNaqash, Nasir A.96731010aSAARC :bchallenges and opportunities /cNasir A. Naqash. aNew Delhi :bAshish Pub. House,cc1994. aix, 175 p. ;c23 cm. aIncludes bibliographical references & Index.20aSouth Asian Association for Regional Cooperation.983629 0aSouth Asian cooperation.967312 0aRegionalism (International organization)96404 2ddccBK c27249d27249 00102ddc40708NFICaRUCLbRUCLcStackd2006-08-09eParagon Enterprise daccag250.00l0o341.247 NAS 1994r2014-03-24 00:00:00tC-1w2014-03-24yBK